000 00614nam a2200229Ia 4500
003 OSt
005 20220923230605.0
006 a|||||r|||| 00| 0
007 ta
008 Pun
024 _a283,553
037 _cTextual
040 _aARTS
_cARTS
_bPun
041 _2Pun
_aPun
082 _aO153,6:g, J6
100 _aਕਸੇਲ, ਕਿਰਪਾਲ ਸਿੰਘ
245 0 _aਆਧੁਨਿਕ ਗਦਕਾਰ
260 _c1956
650 _aਪੰਜਾਬੀ ਸਾਹਿਤ
942 _hO153,6:g, J6
_cTEXL
_2CC
999 _c385904
_d385904